Missing Word: 'P' Movies Quiz Stats

 Plays Quiz Updated Apr 21, 2012

Support Sporcle.
Go Orange.
Score 0/20 Timer 03:00
1 Play Today
Hint Answer % Correct
Saving ________ Ryan (1998)Private
98.7%
Jurassic ________ (1993)Park
98.6%
________ of the Apes (1968)Planet
98%
The Devil Wears ________ (2006)Prada
97.6%
The ________ Trap (1961)Parent
93.7%
Ordinary ________ (1980)People
90.2%
I Now ________ You Chuck and Larry (2007)Pronounce
89.9%
Vantage ________ (2008)Point
88.6%
The ________ Storm (2000)Perfect
86.8%
Sucker ________ (2011)Punch
86.3%
Hint Answer % Correct
The ________ Diaries (2001)Princess
85.8%
Alien vs. ________ (2004)Predator
85.3%
The ________ Express (2004)Polar
84.6%
The ________ of Happyness (2006)Pursuit
83.9%
Gentlemen ________ Blondes (1953)Prefer
83.6%
Fever ________ (2005)Pitch
80.3%
________ Activity (2007)Paranormal
77.7%
Scott ________ vs. The World (2010)Pilgrim
70.6%
________ Night (1980)Prom
45.7%
Seven ________ (2008)Pounds
31%

Today's Daily Dose

Word Ladder
ING Words

Get the Picture
Nearest Volcano

From the Vault

NBA Coach of the Year

by Ben

Sports 7m
Sometimes the best coaches don't win the championships, they just do the best job of keeping a bunch of huge, very strong men from killing each other.
Remove Ads.
Support Sporcle.
Get the best of Sporcle when you Go Orange. This ad-free experience offers more features, more stats, and more fun while also helping to support Sporcle. Thank you for becoming a member.

Show Comments

Extras

Top Quizzes Today


Score Distribution

Your Account Isn't Verified!

In order to create a playlist on Sporcle, you need to verify the email address you used during registration. Go to your Sporcle Settings to finish the process.

Report this User

Report this user for behavior that violates our Community Guidelines.

Details: